Arte Cubano/ (Record no. 3373)

MARC details
000 -LEADER
campo de control de longitud fija 02046nam a22004097a 4500
003 - IDENTIFICADOR DE NÚMERO DE CONTROL
campo de control OSt
005 - FECHA Y HORA DE LA ÚLTIMA TRANSACCIÓN
campo de control 20230413143147.0
008 - DATOS DE LONGITUD FIJA--INFORMACIÓN GENERAL
campo de control de longitud fija 221006b |||||||| |||| 00| 0 eng d
040 ## - FUENTE DE CATALOGACIÓN
Centro/agencia transcriptor Biblioteca Lado V
082 ## - NÚMERO DE LA CLASIFICACIÓN DECIMAL DEWEY
Número de clasificación 700
Número de ítem K41a
100 ## - ENTRADA PRINCIPAL--NOMBRE DE PERSONA
9 (RLIN) 799
Nombre de persona Ruiz, Margarita
Término indicativo de función/relación editor
-- director
245 ## - MENCIÓN DEL TÍTULO
Título Arte Cubano/
Resto del título Revista de Artes Visuales/
260 ## - PUBLICACIÓN, DISTRIBUCIÓN, ETC.
Nombre del editor, distribuidor, etc. Consejo Nacional de las Artes Plasticas
Fecha de publicación, distribución, etc. 2000
Lugar de publicación, distribución, etc. Cuba
300 ## - DESCRIPCIÓN FÍSICA
Dimensiones 21x28cm
Extensión 98p.
366 ## - INFORMACIÓN SOBRE DISPONIBILIDAD COMERCIAL
Nota spa
490 ## - MENCIÓN DE SERIE
Designación de volumen o secuencia 2000
Mención de serie 2
Número Internacional Normalizado para Publicaciones Seriadas 1024 8439
505 ## - NOTA DE CONTENIDO CON FORMATO
Título Arte Cubano a vuelo de pájaro, entre dos siglos
505 ## - NOTA DE CONTENIDO CON FORMATO
Título Ruta Critica
Nota de contenido con formato Pedro Abascal, un artista de la alusión<br/><br/>Ultimas confidencias de Andy Barro<br/><br/>Una poética al borde...<br/><br/>In paisaje de percepción activa<br/><br/>Julio Neira: Alma de anfora<br/><br/>Las antinomias de Ernesto benitez
505 ## - NOTA DE CONTENIDO CON FORMATO
Título Hablando por si mismo
Nota de contenido con formato Ser otro para poder ser<br/><br/>Las flechas de los persas minuciosas<br/><br/>
505 ## - NOTA DE CONTENIDO CON FORMATO
Título Patrimonio
Nota de contenido con formato La impronta barroca en el templo
505 ## - NOTA DE CONTENIDO CON FORMATO
Título Dossier-Matanzas
Nota de contenido con formato De miel y humo en el tapiz desgarra<br/><br/>Un puente que no va a ser cruzado<br/><br/>La desfiguración de lo visible<br/><br/>
505 ## - NOTA DE CONTENIDO CON FORMATO
Título La Revista en la Revista
Nota de contenido con formato La historia oficial
505 ## - NOTA DE CONTENIDO CON FORMATO
Título Libros
Nota de contenido con formato Diccionario biográfico de las artes plásticas: el error del milenio<br/><br/>El libro-catalogo de Juan Moreira<br/><br/>La fabula y el fabulador<br/><br/>Legión de honor para Agustin Cardenas
505 ## - NOTA DE CONTENIDO CON FORMATO
Título Historietas
505 ## - NOTA DE CONTENIDO CON FORMATO
Título Noticias de Artecubano
505 ## - NOTA DE CONTENIDO CON FORMATO
Título Summary
650 ## - PUNTO DE ACCESO ADICIONAL DE MATERIA--TÉRMINO DE MATERIA
Fuente del encabezamiento o término Tesauro de Arte & Arquitectura
Término de materia o nombre geográfico como elemento de entrada ARTE
9 (RLIN) 703
650 ## - PUNTO DE ACCESO ADICIONAL DE MATERIA--TÉRMINO DE MATERIA
Fuente del encabezamiento o término Tesauro de Arte & Arquitectura
Término de materia o nombre geográfico como elemento de entrada EXPOSICIONES
650 ## - PUNTO DE ACCESO ADICIONAL DE MATERIA--TÉRMINO DE MATERIA
Fuente del encabezamiento o término Tesauro de Arte & Arquitectura
Término de materia o nombre geográfico como elemento de entrada BIENAL
650 ## - PUNTO DE ACCESO ADICIONAL DE MATERIA--TÉRMINO DE MATERIA
Fuente del encabezamiento o término Tesauro de Arte & Arquitectura
Término de materia o nombre geográfico como elemento de entrada APRECIACION
650 ## - PUNTO DE ACCESO ADICIONAL DE MATERIA--TÉRMINO DE MATERIA
Fuente del encabezamiento o término Tesauro de Arte & Arquitectura
Término de materia o nombre geográfico como elemento de entrada TEORIA
650 ## - PUNTO DE ACCESO ADICIONAL DE MATERIA--TÉRMINO DE MATERIA
Fuente del encabezamiento o término Tesauro de Arte & Arquitectura
Término de materia o nombre geográfico como elemento de entrada CRITICA
650 ## - PUNTO DE ACCESO ADICIONAL DE MATERIA--TÉRMINO DE MATERIA
Fuente del encabezamiento o término Tesauro de Arte & Arquitectura
Término de materia o nombre geográfico como elemento de entrada FOTOGRAFIA
9 (RLIN) 702
650 ## - PUNTO DE ACCESO ADICIONAL DE MATERIA--TÉRMINO DE MATERIA
Fuente del encabezamiento o término Tesauro de Arte & Arquitectura
Término de materia o nombre geográfico como elemento de entrada LITERATURA
650 ## - PUNTO DE ACCESO ADICIONAL DE MATERIA--TÉRMINO DE MATERIA
Fuente del encabezamiento o término Tesauro de Arte & Arquitectura
Término de materia o nombre geográfico como elemento de entrada CUBANO
942 ## - ELEMENTOS DE ENTRADA SECUNDARIOS (KOHA)
Fuente del sistema de clasificación o colocación Clasificación Decimal Dewey
Tipo de ítem Koha Libros
Parte de la signatura que corresponde a la clasificación (Parte de la clasificación) 701.18
Parte de la signatura que identifica el ejemplar (Parte del ítem) R934a
Suprimir en OPAC No
Holdings
Estatus retirado Estado de pérdida Fuente del sistema de clasificación o colocación Especificación de materiales (volumen encuadernado u otra parte) Estado de daño No para préstamo Colección Biblioteca de origen Biblioteca actual Fecha de adquisición Enumeración/cronología de publicación seriada Número de inventario Total de préstamos Signatura topográfica completa Código de barras Visto por última vez Precio de reemplazo Tipo de ítem Koha
    Clasificación Decimal Dewey 2000     Revistas Biblioteca LadoV Biblioteca LadoV 13/04/2023 2 003256   701.18 R934a 003256 13/04/2023 13/04/2023 Libros